000 nam a22 7a 4500
999 _c7331
_d7331
008 170814b xxu||||| |||| 00| 0 eng d
100 _93869
_aArora Sumita
245 _aInformatics Practices
_bclass XII
260 _aNew delhi
_bDhapat Rai & Co
_c2016